000 02043cam a2200409 i 4500
999 _c61305
_d61305
001 22353204
005 20240201154201.0
008 211216t20232023cau b 001 0 eng
010 _a 2021061319 X
020 _a9781071806371 X
_q(paperback)
020 _z9781071806388 X
_q(epub)
020 _z9781071806395 X
_q(epub)
020 _z9781071806401 X
_q(pdf)
040 _aDLC
_beng
_erda
_cDLC
_dDLC
042 _apcc
043 _an-us---
050 0 0 _aJK468.I6
_bL644 2023
080 _a355.40(73)+327 L-95
100 1 _aLowenthal, Mark M.,
_eauthor.
_921168
245 1 0 _aIntelligence :
_bfrom secrets to policy /
_cMark M. Lowenthal.
250 _aNinth edition.
264 1 _aThousand Oaks, California :
_bSage/CQ Press,
_c[2023]
264 4 _a©2023
300 _axxiv, 595 pages :
_billustrations ;
_c23 cm
336 _atext
_btxt
_2rdacontent
337 _aunmediated
_bn
_2rdamedia
338 _avolume
_bnc
_2rdacarrier
504 _aIncludes bibliographical references and indexes.
520 _a"Mark M. Lowenthal's trusted guide is the go-to resource for understanding how the intelligence community's history, structure, procedures, and functions affect policy decisions. In the fully updated Ninth Edition of Intelligence, the author addresses cyber security and cyber intelligence throughout, expands the coverage of collection, comprehensively updates the chapters on nation-state issues and transnational issues, and looks at foreign intelligence services, both large and small"--
_cProvided by publisher.
650 0 _aIntelligence service
_zUnited States
_xPlanning.
_921172
650 0 _aIntelligence service
_zUnited States
_xForecasting.
_921173
653 _aდაზვერვა: საიდუმლოებიდან პოლიტიკამდე
653 _aდაზვერვის სამსახური
906 _a7
_bcbc
_corignew
_d1
_eecip
_f20
_gy-gencatlg
942 _2udc
_cᲬᲘᲒᲜᲘ
955 _bre23 2021-12-16
_ire23 2021-12-16 TW Situational, to CIP complete